000 00418nam a2200169Ia 4500
008 220803s9999 xx 000 0 und d
020 _a0-8526-3052-5
041 _aeng
082 _a729 WEI/WIS
100 _aWeiss J
_929285
245 _aMade With Oak
260 _aNew York
_bLinks Book
_c1975
300 _a94p
500 _aArchitecture
650 _aInterior Design
_929286
700 _aWeiss J Wise H H
_929287
999 _c18373
_d18373